|
|
|
|
| LEADER |
00000nam a2200000 a 4500 |
| 001 |
vtls001471726 |
| 003 |
SK-MaSNL |
| 005 |
20260302040446.0 |
| 008 |
240315s1924 xo 0 slo |
| 015 |
|
|
|a SNBA19191938-003471
|
| 035 |
|
|
|a SNK000427029
|
| 040 |
|
|
|a SNK
|b slo
|c SNK
|e AACR2
|
| 041 |
0 |
|
|a slo
|
| 044 |
|
|
|a xo
|c SK
|
| 080 |
|
|
|a 82-3
|2 1981
|
| 100 |
1 |
|
|a Hoffmann, František
|4 aut
|9 286171
|
| 245 |
1 |
|
|a Vernosť a podlosť
|b rozprávka
|c pre mládež spísal František Hoffmann ; prel. R. Adamčík
|
| 260 |
|
|
|a Trnava
|b Spolok sv. Vojtecha
|c 1924
|e Trnava
|f Adalbertinum
|
| 300 |
|
|
|a 84 s.
|c 8°
|
| 490 |
0 |
|
|a Knižnica slovenskej mládeže
|v zv. 5
|
| 650 |
0 |
7 |
|a autorské rozprávky
|2 SNK
|9 31369
|
| 655 |
|
7 |
|a umelecká literatúra
|2 SNK
|9 60405
|
| 700 |
1 |
|
|a Adamčík, R.
|4 trl
|9 494238
|
| 958 |
|
|
|a RK
|
| 958 |
|
|
|a TL
|
| 999 |
|
|
|c 1074721
|d 1076651
|
| 952 |
|
|
|t P60, <04>, [BOOK], {604}
|a SNK
|b SNK
|y VYP
|7 0
|p 17A0423862
|o snkSD 890/5 D1
|i snkVI. 3093/55
|0 0
|1 0
|4 0
|d 2004-03-23
|l 0
|r 2005-01-02 00:00:00
|w 2026-02-24
|